000 00454nam a22001697a 4500
003 macl
005 20150910163254.0
008 150910b xxu||||| |||| 00| 0 eng d
040 _cmacl
041 _aEnglish
082 _a823.01/HOF
100 _aHya Hoffman
_910012
245 _aNot Just Milk & Honey
_bAn Anthology Of Hebrew Short Stories
260 _aNew Delhi
_bNational Book Trust
_c1998
650 _aEnglish Fiction
_98886
942 _2ddc
_cBK
999 _c50277
_d50277